000 00903nam a2200265 4500
999 _c112594
_d112594
003 BJBSDDR
005 20230411090115.0
007 ta
008 190521s2018 ht ||||| |||| 00| 0 fre d
020 _a9789997073907
040 _bspa
_cBJBSDDR
041 _afre
050 _a110 HC 153
_bS462n 2018
100 1 _aSeitenfus, Ricardo,
_d1948-
245 1 4 _aLes Nations Unies et le choléra en Haiti :
_bcoupables mais non responsables? /
_cRicardo Seitenfus.
260 _a[Port-au-Prince, Haïti?] :
_bC3 Editions,
_c2018.
300 _a196 p. ;
_c22 cm.
504 _aIncluye referencias bibliográficas p. (187-193).
650 4 _91202
_aAsistencia económica
_zHaití
650 4 _95879
_aAsistencia humanitaria
_zHaití
650 4 _95881
_aCólera (Enfermedad)
_zHaití
651 4 _93827
_aHaití
_xCondiciones económicas
651 4 _95882
_aHaití
_xCondiciones sociales
942 _2lcc
_cBK